The reappearance of the Christ and the Masters of Wisdom

Gardado en:
Detalles Bibliográficos
Autor Principal: Benjamin Creme
Formato: Libro
Idioma:Undetermined
Publicado: London Tara Press 1980
Những chủ đề:
Các nhãn: Engadir etiqueta
Sen Etiquetas, Sexa o primeiro en etiquetar este rexistro!
Thư viện lưu trữ: Trung tâm Học liệu Trường Đại học Cần Thơ
LEADER 00510nam a2200181Ia 4500
001 CTU_29211
008 210402s9999 xx 000 0 und d
082 |a 232 
082 |b C915 
100 |a Benjamin Creme 
245 4 |a The reappearance of the Christ and the Masters of Wisdom 
245 0 |c Benjamin Creme 
260 |a London 
260 |b Tara Press 
260 |c 1980 
650 |a jesus christ - person and offices 
904 |i Minh, 990313 
980 |a Trung tâm Học liệu Trường Đại học Cần Thơ